00482nam a2200169Ia 450000500170000000800410001702000220005804000190008004100120009908200130011110000160012424500460014026000500018630000180023665000480025485000100030220231209113454.0131103s9999 xx 000 0 und d a8172450109cRs.80 aLoreto College aEnglish a428bPHI aPhillip,Sam aCommon Mistake in English, cSam Phillip aNew DelhibGoodwill Publishing Housec[19 -?] a280 p.b ill. aMistakes In English - Communicative English aLCLIB